| 000 | 01334nam a2200337Ia 4500 | ||
|---|---|---|---|
| 001 | ebr10211705 | ||
| 003 | CaPaEBR | ||
| 006 | m u | ||
| 007 | cr cn||||||||| | ||
| 008 | 070223s2007 enk sb 000 0 eng d | ||
| 010 | _z 2007007800 | ||
| 020 | _z9781843105930 (pb : alk. paper) | ||
| 040 |
_aCaPaEBR _cCaPaEBR |
||
| 035 | _a(OCoLC)648341287 | ||
| 050 | 1 | 4 |
_aRJ506.L4 _bM36 2007eb |
| 082 | 0 | 4 |
_a618.92/85889 _222 |
| 100 | 1 |
_aMamen, Maggie, _d1946- |
|
| 245 | 1 | 0 |
_aUnderstanding nonverbal learning disabilities _h[electronic resource] : _ba common-sense guide for parents and professionals / _cMaggie Mamen. |
| 250 | _a1st American pbk. ed. | ||
| 260 |
_aLondon ; _aPhiladelphia : _bJessica Kingsley Publishers, _c2007. |
||
| 300 | _a176 p. | ||
| 490 | 1 | _aJKP essentials | |
| 504 | _aIncludes bibliographical references. | ||
| 533 |
_aElectronic reproduction. _bPalo Alto, Calif. : _cebrary, _d2009. _nAvailable via World Wide Web. _nAccess may be limited to ebrary affiliated libraries. |
||
| 650 | 0 | _aLearning disabilities. | |
| 650 | 0 | _aNonverbal learning disabilities. | |
| 655 | 7 |
_aElectronic books. _2local |
|
| 710 | 2 | _aebrary, Inc. | |
| 830 | 0 | _aJKP essentials. | |
| 856 | 4 | 0 |
_uhttp://site.ebrary.com/lib/rucke/Doc?id=10211705 _zAn electronic book accessible through the World Wide Web; click to view |
| 999 |
_c228307 _d228307 |
||